| 000 | 00830nam a22002415a 4500 | ||
|---|---|---|---|
| 005 | 20150708132156.0 | ||
| 008 | 150628s2011 ii ak fr 001 0 eng d | ||
| 020 | _a9788177229332 | ||
| 040 |
_aEG-ScBUE _beng _cEG-ScBUE _dEG-ScBUE |
||
| 082 | 0 | 4 |
_a005.42 _bMAU _222 |
| 100 | 1 |
_aMaurya, Rajesh K. _938224 |
|
| 245 | 1 | 0 |
_aSystem programming / _cRajesh K. Maurya and Kogent Learning Solutions, Inc. |
| 260 |
_aNew Delhi : _bDreamtech Press, _c2011. |
||
| 300 |
_axii, 256 p. : _bforms, tables ; _c25 cm. |
||
| 500 | _aIndex : p. 253-256. | ||
| 650 | 7 |
_aSystems programming (Computer science) _2BUEsh _918056 |
|
| 650 | 0 |
_aComputer programming. _2BUEsh _93821 |
|
| 651 | _2BUEsh | ||
| 653 |
_bCOMSCI _cJune2015 _cJuly2015 |
||
| 655 |
_vreading book _934232 |
||
| 710 | 2 | _aKogent Learning Solutions, Inc. | |
| 942 |
_2ddc _k005.42 MAU |
||
| 999 |
_c19963 _d19935 |
||